000 00723nas a2200229 4500
001 BR0808665
003 BR-BrBNA
005 20231205112905.0
007 ta
008 230509b bl.|||p| |||| 00| 00por d
040 _aBR-BrBNA
_bpor
_cBiblioteca Nacional de Agricultura
041 _a(Pt)
072 _aF06
100 1 _aRijo, M.
100 1 _aArranja, C.
245 1 _aCalibração de controladores automáticos para canais de irrigação usando um modelo hidráulico
650 _aIRRIGAÇÃO
650 _aCANAL
773 0 _tRevista Brasileira de Recursos Hídricos (Brazil)
_xISSN 1414-381X
_g(Apr-Jun 2006), v. 11(2) p. 59-69
_wBR0808665
909 _a202311
_bLúcia
_c55
_dLúcia Elande
942 _2AGRIS
_n0
_cANA
999 _c200617
_d200617